000 00656pam a2200217 i 4500
001 2266246
005 20180221035754.0
008 790108s1979 nju b 001 0 eng
010 _a 78066791
020 _a0838623506 :
_c$18.00
040 _aDLC
_cDLC
_dDLC
041 _aeng
080 _a330.0924 AND
082 0 0 _a330.0924 AND
100 _a52
101 _aEKO
245 0 0 _aCritics of Henry George :
_cedited by Robert V. Andelson.
504 _aIncludes bibliographical references and index.
906 _a7
_bcbc
_corignew
_d1
_eopcn
_f19
_gy-gencatlg
942 _2ddc
_cBK
999 _c43003
_d43003